|
|
|
|
| LEADER |
01421nam a2200301 4500 |
| 001 |
42645 |
| 003 |
BD-DhAAL |
| 005 |
20250428122451.0 |
| 008 |
240530m19741975bg a|||| |||| 00| 0 ben d |
| 040 |
|
|
|a BD-DhAAL
|d BD-DhAAL
|
| 041 |
|
|
|a ben
|
| 082 |
|
|
|a 079.5492
|2 23
|
| 110 |
|
|
|a Bangladesh Rural Advancement Committee.
|
| 245 |
|
|
|a গণকেন্দ্র :
|b সচিত্র মাসিক পত্রিকা
|g বৈশাখ -চৈত্র ১৩৮১
|
| 246 |
|
|
|a মাসিক গণকেন্দ্র.
|
| 264 |
|
|
|a ঢাকা :
|b ব্র্যাক পাবলিকেশন,
|c ১৯৭৪ [১৩৮১].
|
| 300 |
|
|
|a v. :
|b সচিত্র ;
|c ৩২ সে.মি.
|
| 362 |
|
|
|a Vol. 2, no.1 (Apr. 1974)-v. 1, no. 12 (Mar.1975)
|
| 362 |
|
|
|a বর্ষ ২য়, সংখ্যা ১(বৈশাখ১৩৮১)-বর্ষ ২য়,সংখ্যা ১২ (চৈত্র ১৩৮১)
|
| 500 |
|
|
|a This book contains volume 2, no. 1-12.
|
| 541 |
|
|
|a BRAC
|d 42645
|
| 650 |
|
|
|a Newspapers
|z Bangladesh.
|9 53582
|
| 650 |
|
|
|a Journalism
|z Bangladesh.
|
| 650 |
|
|
|a Bengali newspapers
|z Bangladesh.
|9 58004
|
| 852 |
|
|
|a Ayesha Abed Library
|c BRAC Resource Section
|
| 942 |
|
|
|2 ddc
|c BK
|
| 999 |
|
|
|c 46687
|d 46687
|
| 952 |
|
|
|0 0
|1 0
|2 ddc
|4 0
|6 079_549200000000000_GAN
|7 1
|9 75577
|a BRACUL
|b BRACUL
|c BRS
|d 2024-05-30
|e BRAC
|l 0
|o 079.5492 GAN
|p 3010042645
|r 2024-05-30
|t 1
|w 2024-05-30
|y BK
|x BRAC
|